Pakistan : beyond the crisis state (Record no. 10669)

000 -LEADER
fixed length control field 00450 a2200169 4500
022 ## - INTERNATIONAL STANDARD SERIAL NUMBER
International Standard Serial Number 9780199064380
040 ## - CATALOGING SOURCE
Original cataloging agency DLC
Language of cataloging DLC
082 ## - DEWEY DECIMAL CLASSIFICATION NUMBER
Classification number 954.91053
100 ## - MAIN ENTRY--PERSONAL NAME
Personal name Maleeha Lodhi
245 ## - TITLE STATEMENT
Title Pakistan : beyond the crisis state
Statement of responsibility, etc. Maleeha Lodhi
250 ## - EDITION STATEMENT
Edition statement 1st ed.
260 ## - PUBLICATION, DISTRIBUTION, ETC.
Place of publication, distribution, etc. New york
Name of publisher, distributor, etc. Oxford university press
Date of publication, distribution, etc. c 2011.
300 ## - PHYSICAL DESCRIPTION
Extent 391p.
650 ## - SUBJECT ADDED ENTRY--TOPICAL TERM
Topical term or geographic name entry element Political science -- Pakistan
700 ## - ADDED ENTRY--PERSONAL NAME
Personal name Maleeha Lodhi
942 ## - ADDED ENTRY ELEMENTS (KOHA)
Koha item type Book
Call number prefix 954.91053 LOD
Source of classification or shelving scheme
Holdings
Withdrawn status Lost status Source of classification or shelving scheme Materials specified (bound volume or other part) Damaged status Not for loan Permanent Location Current Location Shelving location Date acquired Source of acquisition Cost, normal purchase price Total Checkouts Total Renewals Full call number Barcode Checked out Date last seen Date last checked out Price effective from Koha item type Collection code
      CSS Corner Book     Central Library (CL) Central Library (CL) Central Superior Services 12/13/2011 Global Link Information Services 318.75 16 5 954.91053 LOD SEECS010850 04/30/2026 10/29/2024 10/29/2024 01/05/2017 Book  
            Central Library (CL) Central Library (CL) Book Cart 01/28/2019 Donation   8 3 954.91053 LOD CL-D-312 10/20/2022 09/20/2022 09/20/2022 01/28/2019 Book  
            Central Library (CL) Central Library (CL) Book Cart 01/28/2019 Donation   14 11 954.91053 LOD CL-D-313 03/16/2026 05/31/2025 05/31/2025 01/28/2019 Book  
            Central Library (CL) Central Library (CL) General Stacks 08/24/2020 Donation   10 17 954.91053 LOD CL-D-953 02/07/2026 10/09/2025 10/09/2025 08/24/2020 Book  
© 2023 Central Library, National University of Sciences and Technology. All Rights Reserved.